000 00264nam a2200097Ia 4500
001 1116629
005 20250827004049.0
008 250824s9999 xx 000 0 und d
245 0 _aCEMİL MERİÇ KONUŞUYOR İ1 1
_cMUSTAFA ARMAĞAN
260 _bKETEBE YAYINLARI
999 _c1116629
_d1116629